00550 a2200169 450000100060000004000240000610000260003024000260005624500210008230000070010336200090011065000260011994200070014595201050015295201060025799900170036347993 cAnchieta - Aquarius aGuimarães, Bernardo10aA escrava Isauralpor10aA escrava Isaura a870 a1971 4aLiteratura brasileira cBK 00104070a87.1b87.1d2023-11-21l0o869.93 GUI ESCp7100/AQUr2023-11-21 15:14:55w2023-11-21yBK 00102ddc4070a57.2b57.2d2024-05-17l0pnt702r2024-05-17 11:41:52w2024-05-17yBKzestante redu c47993d47993